Sčítanie ľudu, domov a bytov 1.11.1980 cenzové domácnosti SSR
Na minha lista:
| Formato: | Livro |
|---|---|
| Idioma: | eslovaco |
| Publicado em: |
Bratislava
Federálny štatistický úrad
1982
|
| Tags: |
Sem tags, seja o primeiro a adicionar uma tag!
|
MARC
| LEADER | 00000nam a2200000 4500 | ||
|---|---|---|---|
| 001 | c131221 | ||
| 005 | 20250702080914.7 | ||
| 041 | 0 | |a slo | |
| 044 | |a SK | ||
| 245 | 1 | 0 | |a Sčítanie ľudu, domov a bytov 1.11.1980 |b cenzové domácnosti SSR |
| 264 | 1 | |a Bratislava |b Federálny štatistický úrad |c 1982 | |
| 300 | |a 257 s. | ||